000 004130000a22001690004500
003 LK-CoMWRAF
008 230817t ||||| |||| 00| 0 eng d
020 _a0192853899
040 _aLK-CoMWRAF
_dLK-CoMWRAF
_eLK-CoMWRAF
041 _aeng
082 _a150
_bRUT
100 _aRuthven, Malise
245 _aIslam
_bA Very Short Introduction
260 _bOxford
_aNew York
_c1997
300 _ap.162
942 _cBK
999 _c1365
_d1365